| 000 | 00870nam a2200229 a 4500 | ||
|---|---|---|---|
| 001 | BRCA_6055 | ||
| 005 | 20190320205321.0 | ||
| 008 | 120608s2002----mx-a---###---#000-0#spa-# | ||
| 041 | _aspa | ||
| 044 | _amx | ||
| 050 | 4 |
_aN910.M42 _b.C47 2002 |
|
| 100 | 1 |
_aCervantes Lizarriturri, Alejandro _915279 |
|
| 245 | 1 | 0 | _aEvaluación económica, impacto urbano y procedimientos constructivos generados por la creación del edificio anexo al Museo Franz Mayer. |
| 260 |
_aCiudad de México _c2002 |
||
| 300 |
_a182 p. _bil., planos, tablas |
||
| 502 | _aTesis Licenciatura (Ingeniero Civil) UNAM, Facultad de Ingeniería | ||
| 610 | 2 | 4 |
_aMuseo Franz Mayer (Ciudad de México) _vEdificio anexo _xProyecto arquitectónico _915280 |
| 700 | 1 |
_aSantín Blasco, Adrián _eCoautor _915281 |
|
| 700 | 1 |
_aTrejo Hernández, Marcos _easesor _915282 |
|
| 902 | _aTES | ||
| 942 |
_2lcc _cTES |
||
| 999 |
_c5742 _d5742 |
||